Researching internantional migration : (Record no. 91952)

MARC details
000 -LEADER
fixed length control field 00700nam a22002057a 4500
005 - DATE AND TIME OF LATEST TRANSACTION
control field 20150515121819.0
010 ## - LCCN (DPL NO)
LC control number ENG-112299
020 ## - INTERNATIONAL STANDARD BOOK NUMBER
International Standard Book Number 9781138846289
Terms of availability 795.00
035 ## - SYSTEM CONTROL NUMBER
System control number EN-95831
037 ## - SOURCE OF ACQUISITION
Source of stock number/acquisition DBAD/PUB
082 ## - DEWEY DECIMAL CLASSIFICATION NUMBER
Classification number 304.82
100 ## - MAIN ENTRY--PERSONAL NAME
Personal name Zachariah, K.C.
245 ## - TITLE STATEMENT
Title Researching internantional migration :
Remainder of title lessons from the Kerala experience /
Statement of responsibility, etc by K.C. Zachariah [and] S. Irudaya Rajan
260 ## - PUBLICATION, DISTRIBUTION, ETC. (IMPRINT)
Place of publication, distribution, etc New Delhi
Name of publisher, distributor, etc Routledge
Date of publication, distribution, etc 2015
270 ## - ADDRESS
Address 912,Tolstoy House, 15-17 Tolstoy Marg, Connaught Place
City New Delhi
Postal code 110001
300 ## - PHYSICAL DESCRIPTION
Extent xiv,272p. :
Dimensions 22cm(Hb)
Other physical details ill.
500 ## - GENERAL NOTE
General note Includes bibliographical references and index
700 ## - ADDED ENTRY--PERSONAL NAME
Personal name Rajan, S. Irudaya
942 ## - ADDED ENTRY ELEMENTS (KOHA)
Source of classification or shelving scheme Dewey Decimal Classification
Item type English Books
Call number suffix ZAC
Call number prefix 304.82
Holdings
Withdrawn status Lost status Not for loan Collection code Home library Current library Date acquired Source of acquisition Cost, normal purchase price Full call number Barcode Copy number Cost, replacement price Koha item type
    Not For Loan Non-fiction D.B.Act.Division D.B.Act.Division 26/02/2015 DBAD/PUB 795.00 304.82 ZAC EN-95831 1 795.00 English Books

© Delhi Public Library
Hit Counter
free hit counter